00887nam a22002297a 4500999001900000005001700019010001500036020002700051035001400078037000900092082001100101100001700112245014300129260006700272270009200339300002100431700001700452700002200469700001800491942002500509952012300534 c185572d18557220220204115543.0 aENG-131404 a9788194282563c1049.00 aEN-114936 bDBAD a004.65 aSzigeti, Tim aCisco Digital Network Architecture:bIntent-based Networking for the Enterprise/cTim Szigeti, David Zacks, Matthias Falkner, Simone Arena aUttar PradeshbPearson India Education Services Pvt. Ltdc2022 a15th Floor, Tower-B, World Trade Tower, Plot No. 1, Block-C, Sector 16, bNoidae201301 a753p.c24cm(pbk) aZacks, David aFalkner, Matthias aArena, Simone 2ddccENh004.65mSZI 001040708NFICaAVbAVd2022-02-04eDBAD/PUBg1049.00l0o004.65 SZIpEN-114936r2022-02-04 00:00:00t1v1049.00yEN